El mundo del trabajo en América Latina : (Record no. 8842)
[ view plain ]
| 000 -LEADER | |
|---|---|
| fixed length control field | 03368 #a2200337 #4500 |
| 005 - DATE AND TIME OF LATEST TRANSACTION | |
| control field | 20230703181556.0 |
| 008 - FIXED-LENGTH DATA ELEMENTS--GENERAL INFORMATION | |
| fixed length control field | 230703b ||||| |||| 00| 0 spa d |
| 020 ## - INTERNATIONAL STANDARD BOOK NUMBER | |
| International Standard Book Number | 978-987-1891-01-6 (versión impresa) |
| 082 ## - DEWEY DECIMAL CLASSIFICATION NUMBER | |
| Edition number | 14 |
| Classification number | 331.1 |
| 100 1# - MAIN ENTRY--PERSONAL NAME | |
| 9 (RLIN) | 17298 |
| Personal name | Soul, María Julia |
| 245 10 - TITLE STATEMENT | |
| Title | El mundo del trabajo en América Latina : |
| Remainder of title | tendencias y resistencias / |
| Statement of responsibility, etc | María Julia Soul y otros |
| 260 ## - PUBLICATION, DISTRIBUTION, ETC. (IMPRINT) | |
| Place of publication, distribution, etc | Buenos Aires : |
| Name of publisher, distributor, etc | CICCUS, |
| Date of publication, distribution, etc | 2012 |
| 300 ## - PHYSICAL DESCRIPTION | |
| Extent | 384 p. |
| 440 ## - SERIES STATEMENT/ADDED ENTRY--TITLE | |
| 9 (RLIN) | 2253 |
| Title | Colección Becas de Investigación |
| 505 ## - FORMATTED CONTENTS NOTE | |
| Title | Nuevas tendencias en el mundo del trabajo: las huellas de más de una década de reformas estructurales. |
| -- | PRIMERA PARTE ESTRATEGIAS SINDICALES y RESISTENCIAS COLECTIVAS. Transformaciones de las estrategias sindicales en contextos de Reconversión Productiva. Un estudio de caso en la Industria Siderúrgica. |
| -- | Relações de trabalho em uma ‘fábrica enxuta’: O caso da PSA Peugeot Citroën no Brasil. |
| -- | De mineros a indígenas Cambios en la relación minería-comunidad, la organización social y la revaloración étnica en Angaraes- Huancavelica. |
| -- | Recuperando el trabajo en economías dependientes: Uruguay, un modelo de desarrollo por armar. |
| -- | SEGUNDA PARTE. NUEVOS SUJETOS LABORAlES y NUEVAS SUBJETIVIDADES. Trayectorias y representación social del trabajo en Chile. Autonomía y subordinación en trabajos independientes atípicos. |
| -- | Mercadores ambulantes das praias do Rio de Janeiro: Subjetividades e economia política. |
| -- | TERCERA PARTE. LAS FORMAS DE INTERVENCION ESTATAL. Activos y estructura de oportunidades. Jóvenes y mujeres:<br/>Las desventuras de las estrategias de inserción laboral de los grupos vulnerables en el Uruguay. |
| -- | ¿Por qué los gobiernos de izquierda no apuestan a políticas universales de empleo e ingresos? Una revisión normativa y empírica de las experiencias de Argentina, Chile, Brasil y Uruguay. |
| 520 ## - SUMMARY, ETC. | |
| Summary, etc | La convocatoria que dio origen a este libro buscó promover investigaciones que abordasen desde una perspectiva crítica las profundas transformaciones ocurridas en el mundo del trabajo y del empleo en los países de América Latina y el Caribe, y sus impactos sociales, políticos y culturales. Las investigaciones que aquí se presentan muestran las principales preocupaciones que sobre la temática motivaron el interés de jóvenes investigadores del Cono Sur, concretamente de Argentina, Brasil, Chile, Perú y Uruguay. Desde diversos enfoques y metodologías, los autores discuten teóricamente y aportan evidencia empírica sobre las transformaciones en el mundo del trabajo a partir de tres bloques temáticos: Estrategias sindicales y resistencias colectivas, Nuevos sujetos laborales y nuevas subjetividades y Las formas de intervención estatal.<br/> <br/> |
| 650 ## - SUBJECT ADDED ENTRY--TOPICAL TERM | |
| Topical term or geographic name as entry element | TRABAJO |
| 650 ## - SUBJECT ADDED ENTRY--TOPICAL TERM | |
| Topical term or geographic name as entry element | SOCIOLOGIA DEL TRABAJO |
| 650 ## - SUBJECT ADDED ENTRY--TOPICAL TERM | |
| Topical term or geographic name as entry element | RELACIONES LABORALES |
| 651 #7 - SUBJECT ADDED ENTRY--GEOGRAPHIC NAME | |
| Geographic name | AMERICA LATINA |
| Source of heading or term | unescot |
| 9 (RLIN) | 735 |
| 700 1# - ADDED ENTRY--PERSONAL NAME | |
| 9 (RLIN) | 17299 |
| Personal name | Dávolos, Patricia |
| Relator term | prolog. |
| 700 1# - ADDED ENTRY--PERSONAL NAME | |
| 9 (RLIN) | 17300 |
| Personal name | Polessa Maçaira, Julia |
| 700 1# - ADDED ENTRY--PERSONAL NAME | |
| 9 (RLIN) | 17301 |
| Personal name | Durand Guevara, Anahí |
| 700 1# - ADDED ENTRY--PERSONAL NAME | |
| 9 (RLIN) | 17302 |
| Personal name | Rieiro, Anabel |
| 700 1# - ADDED ENTRY--PERSONAL NAME | |
| 9 (RLIN) | 17303 |
| Personal name | Chamorro Ríos, Catalina Alejandra |
| 700 1# - ADDED ENTRY--PERSONAL NAME | |
| 9 (RLIN) | 17304 |
| Personal name | Neves Bezerra, Gustavo Antonio das |
| 700 1# - ADDED ENTRY--PERSONAL NAME | |
| 9 (RLIN) | 17305 |
| Personal name | Barrera, Verónica |
| 700 1# - ADDED ENTRY--PERSONAL NAME | |
| 9 (RLIN) | 17306 |
| Personal name | Pérez Muñoz, Cristian |
| 942 ## - ADDED ENTRY ELEMENTS (KOHA) | |
| Source of classification or shelving scheme | Dewey Decimal Classification |
| Item type | Libro, folleto, traducción |
| 980 ## - EQUIVALENCE OR CROSS-REFERENCE-SERIES STATEMENT--PERSONAL NAME/TITLE [LOCAL, CANADA] | |
| Linkage | 19226 |
| Personal name | Palazón Marcela I. |
| Field link and sequence number | 19226 |
| Miscellaneous information | Palazón Marcela I. |
| Withdrawn status | Lost status | Source of classification or shelving scheme | Damaged status | Not for loan | Home library | Current library | Date acquired | Total Checkouts | Full call number | Barcode | Date last seen | Copy number | Price effective from | Koha item type |
|---|---|---|---|---|---|---|---|---|---|---|---|---|---|---|
| Dewey Decimal Classification | Biblioteca Central | Biblioteca Central | 03/07/2023 | 331.1 SOU ej.1 | UNAJ23070010 | 17/03/2025 | 1 | 03/07/2023 | Libro, folleto, traducción | |||||
| Dewey Decimal Classification | Biblioteca Central | Biblioteca Central | 03/07/2023 | 331.1 SOU ej.2 | UNAJ23070011 | 17/03/2025 | 2 | 03/07/2023 | Libro, folleto, traducción |